| 000 | 00482nam a2200169Ia 4500 | ||
|---|---|---|---|
| 005 | 20250701025241.0 | ||
| 008 | 240331s9999 xx 000 0 und d | ||
| 020 | _a9551188608 | ||
| 082 |
_bBAN _a840 |
||
| 100 | _aBandara,A.M.N | ||
| 245 | 0 | _aBrithanya yatath vijitha yugaye Sri Lankawe jathika viyaparaya | |
| 260 |
_aColombo _bFast Publishing ( Private) Limited |
||
| 300 | _a476 p ., | ||
| 650 | _aSinhala Buddhist Nationalism | ||
| 650 | _aCeylon National Union | ||
| 942 | _cL | ||
| 999 |
_c5198 _d5198 |
||